[Event "AUT-ch U14 Online Blitz"]
[Site "Playchess.com INT"]
[Date "2020.12.11"]
[Round "3"]
[White "Kaspar, Sebastian"]
[Black "Broneder, Kurt1111"]
[Result "0-1"]
[WhiteElo "1583"]
[BlackElo "1620"]
[PlyCount "124"]
[EventDate "2020.12.11"]
[EventType "swiss (blitz)"]
[EventRounds "7"]
[EventCountry "AUT"]
[SourceTitle "EXT 2022"]
[Source "ChessBase"]
[SourceDate "2021.10.06"]
[SourceVersion "1"]
[SourceVersionDate "2021.10.06"]
[SourceQuality "1"]

1. e4 Nf6 2. e5 Nd5 3. c4 Nb6 4. d4 d6 5. exd6 cxd6 6. Bd3 g6 7. Be3 Bg7 8. Nc3 Nc6 9. Nge2 Qc7 10. Rc1 Bd7 11. Nb5 Qd8 12. 0-0 a6 13. Nbc3 Rc8 14. Qd2 0-0 15. d5 Ne5 16. b3 Qc7 17. Bb1 e6 18. Rfd1 exd5 19. Bxb6 Qxb6 20. Nxd5 Qd8 21. f4 Nc6 22. Ndc3 Ne7 23. Qxd6 Bg4 24. Be4 Bxc3 25. Qxd8 Rfxd8 26. Rxd8+ Rxd8 27. Nxc3 f5 28. Bxb7 Bh5 29. Bf3 Bxf3 30. gxf3 Rd3 31. Nd5 Nxd5 32. cxd5 Rxd5 33. Rc6 a5 34. a4 Rd3 35. Ra6 Rxb3 36. Rxa5 Rxf3 37. Ra8+ Kg7 38. a5 Kh6 39. a6 Rxf4 40. a7 Ra4 41. Kf2 Kg5 42. h3 Kh4 43. Kf3 h6 44. Rh8 Rxa7 45. Rxh6+ Kg5 46. Rh8 Ra3+ 47. Kg2 Kf4 48. Rh4+ Ke5 49. Rb4 Kf6 50. h4 Ra6 51. Kf3 g5 52. hxg5+ Kxg5 53. Ke3 Ra3+ 54. Kd4 f4 55. Ke5 Rf3 56. Ra4 Kg4 57. Ke4 Rf1 58. Ra2 Kg3 59. Rd2 f3 60. Ke3 f2 61. Rd5 Re1+ 62. Kd2 f1Q 0-1